<?xml version="1.0" encoding="UTF-8"?>
<record
    xmlns:xsi="http://www.w3.org/2001/XMLSchema-instance"
    xsi:schemaLocation="http://www.loc.gov/MARC21/slim http://www.loc.gov/standards/marcxml/schema/MARC21slim.xsd"
    xmlns="http://www.loc.gov/MARC21/slim">

  <leader>00700nam a22001577a 4500</leader>
  <controlfield tag="003">OSt</controlfield>
  <controlfield tag="005">20151211154503.0</controlfield>
  <controlfield tag="008">151211b        xxu||||| |||| 00| 0 eng d</controlfield>
  <datafield tag="040" ind1=" " ind2=" ">
    <subfield code="c">RUA</subfield>
  </datafield>
  <datafield tag="082" ind1=" " ind2=" ">
    <subfield code="a">ATM UNG 2004 B208 Or.1</subfield>
  </datafield>
  <datafield tag="100" ind1=" " ind2=" ">
    <subfield code="9">4724</subfield>
    <subfield code="a">UNG, TINA.</subfield>
  </datafield>
  <datafield tag="245" ind1=" " ind2=" ">
    <subfield code="a">The status of swimming crab processing in tameak cillage, andongtoeak  commune, bortumsakor district, koh kong province, &#x179F;&#x17D2;&#x1790;&#x17B6;&#x1793;&#x1797;&#x17B6;&#x1796;&#x1780;&#x17C2;&#x1785;&#x17D2;&#x1793;&#x17C3;&#x1780;&#x17D2;&#x178F;&#x17B6;&#x1798;&#x179F;&#x17C1;&#x17C7; &#x1793;&#x17C5;&#x1797;&#x17BC;&#x1798;&#x17B7;&#x178F;&#x17B6;&#x1798;&#x17B6;&#x1783;&#x200B;&#x1783;&#x17BB;&#x17C6;&#x17A2;&#x178E;&#x17D2;&#x178F;&#x17BC;&#x1784;&#x1791;&#x17B9;&#x1780; &#x179F;&#x17D2;&#x179A;&#x17BB;&#x1780;&#x1794;&#x17BC;&#x1791;&#x17BB;&#x1798;&#x179F;&#x17B6;&#x1782;&#x179A; &#x1781;&#x17C1;&#x178F;&#x17D2;&#x178F;&#x1780;&#x17C4;&#x17C7;&#x1780;&#x17BB;&#x1784;</subfield>
  </datafield>
  <datafield tag="260" ind1=" " ind2=" ">
    <subfield code="a">Phnom Penh</subfield>
    <subfield code="b">RUA</subfield>
    <subfield code="c">2004</subfield>
  </datafield>
  <datafield tag="300" ind1=" " ind2=" ">
    <subfield code="a">viii, 38p.</subfield>
    <subfield code="b">ill.</subfield>
    <subfield code="c">29cm.</subfield>
  </datafield>
  <datafield tag="942" ind1=" " ind2=" ">
    <subfield code="2">ddc</subfield>
    <subfield code="c">ATM</subfield>
  </datafield>
  <datafield tag="999" ind1=" " ind2=" ">
    <subfield code="c">4403</subfield>
    <subfield code="d">4403</subfield>
  </datafield>
  <datafield tag="952" ind1=" " ind2=" ">
    <subfield code="0">0</subfield>
    <subfield code="1">0</subfield>
    <subfield code="2">ddc</subfield>
    <subfield code="4">0</subfield>
    <subfield code="6">ATM_UNG_2004_000000000000000_B208_OR_1</subfield>
    <subfield code="7">0</subfield>
    <subfield code="9">22685</subfield>
    <subfield code="a">LBB</subfield>
    <subfield code="b">LBB</subfield>
    <subfield code="c">B208</subfield>
    <subfield code="d">2015-12-11</subfield>
    <subfield code="o">ATM UNG 2004 B208 Or.1</subfield>
    <subfield code="p">RUA039320</subfield>
    <subfield code="r">2015-12-11</subfield>
    <subfield code="w">2015-12-11</subfield>
    <subfield code="y">ATM</subfield>
  </datafield>
  <datafield tag="952" ind1=" " ind2=" ">
    <subfield code="0">0</subfield>
    <subfield code="1">0</subfield>
    <subfield code="2">ddc</subfield>
    <subfield code="4">0</subfield>
    <subfield code="6">ATM_UNG_2004_000000000000000_B208_OR_2</subfield>
    <subfield code="7">0</subfield>
    <subfield code="9">22686</subfield>
    <subfield code="a">LBB</subfield>
    <subfield code="b">LBB</subfield>
    <subfield code="c">B208</subfield>
    <subfield code="d">2015-12-11</subfield>
    <subfield code="l">1</subfield>
    <subfield code="o">ATM UNG 2004 B208 Or.2</subfield>
    <subfield code="p">RUA038517</subfield>
    <subfield code="r">2016-09-04</subfield>
    <subfield code="s">2016-08-24</subfield>
    <subfield code="w">2015-12-11</subfield>
    <subfield code="y">ATM</subfield>
  </datafield>
  <datafield tag="952" ind1=" " ind2=" ">
    <subfield code="0">0</subfield>
    <subfield code="1">0</subfield>
    <subfield code="2">ddc</subfield>
    <subfield code="4">0</subfield>
    <subfield code="6">ATM_UNG_2004_000000000000000_B208_OR_3</subfield>
    <subfield code="7">0</subfield>
    <subfield code="9">22687</subfield>
    <subfield code="a">LBB</subfield>
    <subfield code="b">LBB</subfield>
    <subfield code="c">B208</subfield>
    <subfield code="d">2015-12-11</subfield>
    <subfield code="o">ATM UNG 2004 B208 Or.3</subfield>
    <subfield code="p">RUA038457</subfield>
    <subfield code="r">2015-12-11</subfield>
    <subfield code="w">2015-12-11</subfield>
    <subfield code="y">ATM</subfield>
  </datafield>
  <datafield tag="952" ind1=" " ind2=" ">
    <subfield code="0">0</subfield>
    <subfield code="1">0</subfield>
    <subfield code="2">ddc</subfield>
    <subfield code="4">0</subfield>
    <subfield code="6">ATM_UNG_2004_000000000000000_B208_OR_4</subfield>
    <subfield code="7">0</subfield>
    <subfield code="9">22688</subfield>
    <subfield code="a">LBB</subfield>
    <subfield code="b">LBB</subfield>
    <subfield code="c">B208</subfield>
    <subfield code="d">2015-12-11</subfield>
    <subfield code="o">ATM UNG 2004 B208 Or.4</subfield>
    <subfield code="p">RUA038296</subfield>
    <subfield code="r">2015-12-11</subfield>
    <subfield code="w">2015-12-11</subfield>
    <subfield code="y">ATM</subfield>
  </datafield>
  <datafield tag="952" ind1=" " ind2=" ">
    <subfield code="0">0</subfield>
    <subfield code="1">0</subfield>
    <subfield code="2">ddc</subfield>
    <subfield code="4">0</subfield>
    <subfield code="6">ATM_UNG_2004_000000000000000_B208_OR_5</subfield>
    <subfield code="7">0</subfield>
    <subfield code="9">22689</subfield>
    <subfield code="a">LBB</subfield>
    <subfield code="b">LBB</subfield>
    <subfield code="c">B208</subfield>
    <subfield code="d">2015-12-11</subfield>
    <subfield code="o">ATM UNG 2004 B208 Or.5</subfield>
    <subfield code="p">RUA033755</subfield>
    <subfield code="r">2015-12-11</subfield>
    <subfield code="w">2015-12-11</subfield>
    <subfield code="y">ATM</subfield>
  </datafield>
  <datafield tag="952" ind1=" " ind2=" ">
    <subfield code="0">0</subfield>
    <subfield code="1">0</subfield>
    <subfield code="2">ddc</subfield>
    <subfield code="4">0</subfield>
    <subfield code="6">ATM_UNG_2004_000000000000000_B208_OR_6</subfield>
    <subfield code="7">0</subfield>
    <subfield code="9">22690</subfield>
    <subfield code="a">LBB</subfield>
    <subfield code="b">LBB</subfield>
    <subfield code="c">B208</subfield>
    <subfield code="d">2015-12-11</subfield>
    <subfield code="o">ATM UNG 2004 B208 Or.6</subfield>
    <subfield code="p">RUA033766</subfield>
    <subfield code="r">2015-12-11</subfield>
    <subfield code="w">2015-12-11</subfield>
    <subfield code="y">ATM</subfield>
  </datafield>
  <datafield tag="952" ind1=" " ind2=" ">
    <subfield code="0">0</subfield>
    <subfield code="1">0</subfield>
    <subfield code="2">ddc</subfield>
    <subfield code="4">0</subfield>
    <subfield code="6">ATM_UNG_2004_000000000000000_B208_OR_7</subfield>
    <subfield code="7">0</subfield>
    <subfield code="9">22691</subfield>
    <subfield code="a">LBB</subfield>
    <subfield code="b">LBB</subfield>
    <subfield code="c">B208</subfield>
    <subfield code="d">2015-12-11</subfield>
    <subfield code="l">2</subfield>
    <subfield code="m">1</subfield>
    <subfield code="o">ATM UNG 2004 B208 Or.7</subfield>
    <subfield code="p">RUA038208</subfield>
    <subfield code="r">2023-02-24</subfield>
    <subfield code="s">2023-01-16</subfield>
    <subfield code="w">2015-12-11</subfield>
    <subfield code="y">ATM</subfield>
  </datafield>
  <datafield tag="952" ind1=" " ind2=" ">
    <subfield code="0">0</subfield>
    <subfield code="1">0</subfield>
    <subfield code="2">ddc</subfield>
    <subfield code="4">0</subfield>
    <subfield code="6">ATM_UNG_2004_000000000000000_B208_OR_8</subfield>
    <subfield code="7">0</subfield>
    <subfield code="9">22692</subfield>
    <subfield code="a">LBB</subfield>
    <subfield code="b">LBB</subfield>
    <subfield code="c">B208</subfield>
    <subfield code="d">2015-12-11</subfield>
    <subfield code="o">ATM UNG 2004 B208 Or.8</subfield>
    <subfield code="p">RUA033884</subfield>
    <subfield code="r">2015-12-11</subfield>
    <subfield code="w">2015-12-11</subfield>
    <subfield code="y">ATM</subfield>
  </datafield>
</record>
